000 00582nam a22001937a 4500
003 dpl
005 20180704154513.0
008 180704b xxu||||| |||| 00| 0 eng d
020 _a8176488852
_c0.00
035 _aB-158787
040 _aDPL
_bEN
_c0
082 _a614.5593
_bMIS
100 _aMishra, R.C.
245 _aHIV/AIDS education
_c/by R. C. Mishra
260 _aNew Delhi
_bA.P.H. Publishing Co.
_c2005
270 _aAPH Publishing Co., 5, Ansari Road, Darya Ganj
_bNew Delhi
_c110002
300 _axii,325p.
_c22cm.
942 _2ddc
_cEN
_h614.5993
_mMIS
999 _c153375
_d153375